Invitation for comments on the report: Preese hall shale gas fracturing: review & recommendations for induced seismic mitigation (Record no. 113900)

MARC details
000 -LEADER
fixed length control field 01108cad a22002055a 4500
001 - CONTROL NUMBER
control field L155891
008 - FIXED-LENGTH DATA ELEMENTS--GENERAL INFORMATION
fixed length control field 120419s2012 xxk f 000 0 eng d
035 ## - SYSTEM CONTROL NUMBER
System control number (Sirsi) u155891
041 0# - LANGUAGE CODE
Language code of text/sound track or separate title eng
110 2# - MAIN ENTRY--CORPORATE NAME
Corporate name or jurisdiction name as entry element United Kingdom
Subordinate unit Department of Energy and Climate Change
9 (RLIN) 5850
245 00 - TITLE STATEMENT
Title Invitation for comments on the report: Preese hall shale gas fracturing: review & recommendations for induced seismic mitigation
Medium [electronic resource]
260 ## - PUBLICATION, DISTRIBUTION, ETC.
Date of publication, distribution, etc. 2012
520 ## - SUMMARY, ETC.
Summary, etc. Comments are invited on the report by a panel of independent experts who reported to DECC on the seismic events experienced in the Blackpool area during 2011 hydraulic fracturing operations at Preese Hall. Report makes recommendations to mitigate the risks of similar events in future fracturing operations. Responses should be sent, by 25 May 2012.
590 ## - LOCAL NOTE (RLIN)
Local note KA NTK
651 #4 - SUBJECT ADDED ENTRY--GEOGRAPHIC NAME
Geographic name United Kingdom
690 ## - LOCAL SUBJECT ADDED ENTRY--TOPICAL TERM (OCLC, RLIN)
Topical term or geographic name as entry element Energy
9 (RLIN) 6237
690 ## - LOCAL SUBJECT ADDED ENTRY--TOPICAL TERM (OCLC, RLIN)
Topical term or geographic name as entry element Environment
9 (RLIN) 6238
856 40 - ELECTRONIC LOCATION AND ACCESS
Uniform Resource Identifier <a href="https://og.decc.gov.uk/en/olgs/cms/explorationpro/onshore/cuadrilla_decc/cuadrilla_decc.aspx">https://og.decc.gov.uk/en/olgs/cms/explorationpro/onshore/cuadrilla_decc/cuadrilla_decc.aspx</a>
Public note View the item free of charge at www.decc.gov.uk
942 ## - ADDED ENTRY ELEMENTS (KOHA)
Suppress in OPAC 0
Holdings
Withdrawn status Lost status Source of classification or shelving scheme Damaged status Not for loan Home library Current library Shelving location Date acquired Total Checkouts Full call number Barcode Date last seen Copy number Price effective from Koha item type
    Dewey Decimal Classification     Virtual Virtual Online 19/04/2012   ONLINE PUBLICATION 155891-2001 06/08/2019 1 06/08/2019 Book